000 00674nam a2200217 i 4500
001 104695
003 ES-MaACL
005 20250907063100.0
007 t|
008 051207s1945 ag ||||1| spa d
100 1 _aMira y López, Emilio,
_d1896-1964
_981461
245 1 0 _aPsicología evolutiva del niño y el adolescente /
_cEmilio Mira y López.
250 _a[3ª ed.].
260 _aBuenos Aires :
_bEl Ateneo,
_c1945.
300 _a282 p. :
_bil. ;
_c22 cm.
490 1 _aCultura universal
650 0 7 _aPsicología evolutiva
_2embne
_916563
830 0 _aCultura universal
_9182279
852 _aES-MaACL
_jC-3930
_bR.23666
999 _c104695
_d104695